Talleres de ortografía 7
Saved in:
| Main Authors: | , , |
|---|---|
| Format: | Bog |
| Sprog: | spansk |
| Udgivet: |
Santiago
Santillana
1995
|
| Serier: | Talleres de ejercitación y reforzamiento. Ortografía
|
| Fag: | |
| Tags: |
Tilføj Tag
Ingen Tags, Vær først til at tagge denne postø!
|
MARC
| LEADER | 00000nam a2200000 a 4500 | ||
|---|---|---|---|
| 001 | UCH8278 | ||
| 003 | CL-VaPUC | ||
| 008 | 091127e19950000CL |||||||||||||||||spa|d | ||
| 020 | |a 9561503239 | ||
| 082 | 0 | 4 | |a 372.632 |b ROS |2 21 |
| 100 | 0 | |a Rossel Santander, Verónica |e author |9 544795 | |
| 700 | 0 | |a Careaga Medina, Roberto |e author |9 544796 | |
| 700 | 0 | |a Reyes, Carlos F |e author |9 544797 | |
| 245 | 1 | 0 | |a Talleres de ortografía 7 |
| 300 | |a 79 p | ||
| 942 | |c BK | ||
| 945 | |d 20091127 00:00:00 |a lazolas | ||
| 260 | |a Santiago |b Santillana |c 1995 | ||
| 650 | 0 | |a Enseñanza del lenguaje |9 373325 | |
| 650 | 0 | |a Ortografía |9 309144 | |
| 650 | 0 | |a Español |9 255372 | |
| 650 | 0 | |a Educación básica |9 224933 | |
| 583 | |a last modification |c 20091127 00:00:00 |k Rodrigo Vera | ||
| 490 | 0 | |a Talleres de ejercitación y reforzamiento. Ortografía | |
| 999 | |c 338508 |d 338506 | ||